[Event "CZE-chT1E 0607"]
[Site "Czech Republic"]
[Date "2007.04.01"]
[Round "11.3"]
[White "Shanel, Jaroslav"]
[Black "Gross, Stefan"]
[Result "1/2-1/2"]
[WhiteElo "2180"]
[BlackElo "2278"]
[PlyCount "99"]
[EventDate "2006.10.15"]
[EventType "team"]
[EventRounds "11"]
[EventCountry "CZE"]
[SourceTitle "EXT 2008"]
[Source "ChessBase"]
[SourceDate "2007.11.25"]
[SourceVersion "1"]
[SourceVersionDate "2007.11.25"]
[SourceQuality "1"]

1. e4 c5 2. Nf3 d6 3. c3 Nf6 4. d3 Nc6 5. a4 Bg4 6. Nbd2 e6 7. Be2 Be7 8. h3 Bh5 9. 0-0 0-0 10. Nh2 Bxe2 11. Qxe2 d5 12. e5 Nd7 13. f4 Qc7 14. Ndf3 Rae8 15. d4 f6 16. Be3 Na5 17. exf6 Nxf6 18. Ne5 Nc6 19. Nxc6 Qxc6 20. Nf3 Ne4 21. Ne5 Qc7 22. Rf3 c4 23. Raf1 Bd6 24. h4 Qe7 25. Rh3 Bxe5 26. dxe5 b6 27. h5 Rf7 28. g4 Ref8 29. Qh2 Qd7 30. Rhf3 h6 31. Qh3 Qe7 32. Qg2 Kh8 33. Bd4 Kg8 34. f5 Ng5 35. Rf4 Ne4 36. R4f3 Ng5 37. Rf4 Ne4 38. Rxe4 dxe4 39. f6 gxf6 40. exf6 Rxf6 41. Rxf6 Rxf6 42. Bxf6 Qxf6 43. Qxe4 Kg7 44. Qxc4 Qf3 45. Qd4+ Kg8 46. b4 Qg3+ 47. Kf1 e5 48. Qd2 Qf3+ 49. Kg1 Qg3+ 50. Kf1 1/2-1/2

[Event "CZE-chT1E 0607"]
[Site "Czech Republic"]
[Date "2007.01.07"]
[Round "5.3"]
[White "Gross, Stefan"]
[Black "Karlik, Vladimir"]
[Result "1/2-1/2"]
[WhiteElo "2261"]
[BlackElo "2307"]
[PlyCount "58"]
[EventDate "2006.10.15"]
[EventType "team"]
[EventRounds "11"]
[EventCountry "CZE"]
[SourceTitle "EXT 2008"]
[Source "ChessBase"]
[SourceDate "2007.11.25"]
[SourceVersion "1"]
[SourceVersionDate "2007.11.25"]
[SourceQuality "1"]

1. Nf3 Nf6 2. c4 g6 3. Nc3 Bg7 4. e4 d6 5. d4 0-0 6. Be2 Na6 7. Be3 Ng4 8. Bg5 h6 9. Bh4 Qe8 10. 0-0 e5 11. d5 f5 12. exf5 gxf5 13. Nd2 Nf6 14. Qc2 Bd7 15. a3 Nh5 16. g3 Bf6 17. Bxf6 Nxf6 18. f3 c6 19. dxc6 bxc6 20. b4 Nc7 21. Bd3 Qh5 22. Rae1 Rae8 23. b5 Ne6 24. Nb3 Ng5 25. Nd2 Kg7 26. bxc6 Bxc6 27. Bxf5 Bxf3 28. h4 Bc6 29. Qd3 Nf7 1/2-1/2

[Event "Imperia op-A 47th"]
[Site "Imperia"]
[Date "2005.09.03"]
[Round "8"]
[White "Sulava, Nenad"]
[Black "Gross, Stefan"]
[Result "1/2-1/2"]
[WhiteElo "2485"]
[BlackElo "2274"]
[PlyCount "74"]
[EventDate "2005.08.28"]
[EventType "swiss"]
[EventRounds "9"]
[EventCountry "ITA"]
[SourceTitle "EXT 2007"]
[Source "ChessBase"]
[SourceDate "2006.11.23"]
[SourceVersion "1"]
[SourceVersionDate "2006.11.23"]
[SourceQuality "1"]

1. d4 Nf6 2. Nf3 g6 3. c4 Bg7 4. Nc3 d5 5. Bf4 c6 6. e3 0-0 7. Qb3 Qb6 8. Qxb6 axb6 9. cxd5 Nxd5 10. Nxd5 cxd5 11. Kd2 Bf5 12. Bxb8 Rfxb8 13. Bd3 Bxd3 14. Kxd3 Rc8 15. Rhc1 Kf8 16. Rc3 Ke8 17. Kc2 e6 18. Kb3 Rc6 19. Rac1 Kd7 20. a3 f6 21. Ne1 Bf8 22. Nd3 Bd6 23. h3 e5 24. dxe5 fxe5 25. f3 e4 26. fxe4 dxe4 27. Nf2 Re8 28. Rxc6 bxc6 29. Rc4 b5 30. Rxe4 Rf8 31. Nd3 c5 32. Ne5+ Bxe5 33. Rxe5 Kd6 34. Re4 Rf2 35. Rg4 Re2 36. Rg3 Kd5 37. Rg5+ Kd6 1/2-1/2

[Event "Imperia op-A 47th"]
[Site "Imperia"]
[Date "2005.08.31"]
[Round "5"]
[White "Gross, Stefan"]
[Black "Biolek, Richard Jr"]
[Result "1/2-1/2"]
[WhiteElo "2274"]
[BlackElo "2155"]
[PlyCount "60"]
[EventDate "2005.08.28"]
[EventType "swiss"]
[EventRounds "9"]
[EventCountry "ITA"]
[SourceTitle "EXT 2022"]
[Source "ChessBase"]
[SourceDate "2021.10.06"]
[SourceVersion "1"]
[SourceVersionDate "2021.10.06"]
[SourceQuality "1"]

1. Nf3 d5 2. g3 c5 3. Bg2 Nc6 4. d4 e6 5. 0-0 Nf6 6. c4 dxc4 7. Qa4 Bd7 8. dxc5 Na5 9. Qc2 Bxc5 10. Ne5 0-0 11. Rd1 Qc7 12. Bf4 Bb5 13. Nd7 Qxd7 14. Rxd7 Nxd7 15. Nc3 Bc6 16. Rd1 Nf6 17. Bd6 Bxd6 18. Rxd6 Rfd8 19. Qd2 Rxd6 20. Qxd6 Rc8 21. e4 Ne8 22. Qe7 Rc7 23. Qd8 Kf8 24. e5 Bxg2 25. Kxg2 Nc6 26. Qd2 Nxe5 27. Nb5 Rc5 28. Nxa7 Nd3 29. a4 Nd6 30. Qe3 Ke7 1/2-1/2

[Event "Imperia op-A 47th"]
[Site "Imperia"]
[Date "2005.08.30"]
[Round "3"]
[White "Gross, Stefan"]
[Black "Haba, Zdenek"]
[Result "1-0"]
[WhiteElo "2274"]
[BlackElo "2277"]
[PlyCount "115"]
[EventDate "2005.08.28"]
[EventType "swiss"]
[EventRounds "9"]
[EventCountry "ITA"]
[SourceTitle "EXT 2022"]
[Source "ChessBase"]
[SourceDate "2021.10.06"]
[SourceVersion "1"]
[SourceVersionDate "2021.10.06"]
[SourceQuality "1"]

1. Nf3 Nf6 2. g3 g6 3. Bg2 Bg7 4. c4 d6 5. Nc3 0-0 6. 0-0 c6 7. d4 Qa5 8. e4 Qh5 9. Nh4 Qxd1 10. Rxd1 Na6 11. h3 Be6 12. b3 Rfd8 13. f4 Ne8 14. Be3 c5 15. Rac1 cxd4 16. Bxd4 Bxd4+ 17. Rxd4 Nac7 18. Rcd1 Rab8 19. g4 f6 20. e5 Rdc8 21. exd6 Nxd6 22. Re1 Kf8 23. Ne4 Nxe4 24. Rdxe4 Rd8 25. f5 g5 26. Nf3 Bf7 27. Rxe7 Na6 28. R1e2 Nc5 29. Ne1 a5 30. Rc7 Rbc8 31. Ree7 Rxc7 32. Rxc7 b6 33. Rc6 Rd1 34. Kf2 Kg7 35. Rxb6 Rd2+ 36. Ke3 Rxa2 37. Rb5 Nd7 38. c5 Ra1 39. Nd3 Ne5 40. Nxe5 fxe5 41. c6 Rc1 42. Rxe5 Bxb3 43. Rxa5 Kf6 44. Be4 Bf7 45. Kd4 Rc4+ 46. Kd3 Rc1 47. Ra7 h5 48. c7 Be8 49. Kd4 hxg4 50. hxg4 Bd7 51. Ra6+ Ke7 52. Rc6 Rd1+ 53. Ke5 Bc8 54. Rh6 Re1 55. Rh7+ Ke8 56. Kd4 Rc1 57. f6 Bxg4 58. Bg6+ 1-0

[Event "Imperia op-A 47th"]
[Site "Imperia"]
[Date "2005.08.28"]
[Round "1"]
[White "Gross, Stefan"]
[Black "Faraci, Antonino"]
[Result "1-0"]
[WhiteElo "2274"]
[BlackElo "2067"]
[PlyCount "81"]
[EventDate "2005.08.28"]
[EventType "swiss"]
[EventRounds "9"]
[EventCountry "ITA"]
[SourceTitle "EXT 2007"]
[Source "ChessBase"]
[SourceDate "2006.11.23"]
[SourceVersion "1"]
[SourceVersionDate "2006.11.23"]
[SourceQuality "1"]

1. d4 c5 2. d5 d6 3. e4 g6 4. Nc3 Bg7 5. Be2 a6 6. a4 b6 7. Nf3 Nh6 8. Bf4 f6 9. Qd2 Nf7 10. 0-0 0-0 11. Rfb1 Nd7 12. b4 Qc7 13. bxc5 bxc5 14. a5 g5 15. Be3 g4 16. Nh4 Nde5 17. Na4 Rb8 18. Nb6 h5 19. Nxc8 Rfxc8 20. Nf5 Bf8 21. f4 Rxb1+ 22. Rxb1 Nd7 23. Bxa6 Ra8 24. Bb5 Nb8 25. Ra1 Nd8 26. c4 Na6 27. Ng3 Qc8 28. Nxh5 f5 29. e5 dxe5 30. fxe5 Nf7 31. e6 Nd6 32. Bh6 Kh7 33. Bxf8 Qxf8 34. Rf1 Nc7 35. Bc6 Rb8 36. Qg5 Rb4 37. Ng3 Qf6 38. Qxf6 exf6 39. Nxf5 Nxf5 40. Rxf5 Rxc4 41. Rxf6 1-0

[Event "AUT-chT2O 0405"]
[Site "Austria"]
[Date "2005.04.09"]
[Round "10.2"]
[White "Sandhu, Mario"]
[Black "Gross, Stefan"]
[Result "1-0"]
[WhiteElo "2314"]
[BlackElo "2274"]
[PlyCount "51"]
[EventDate "2004.10.09"]
[EventType "team-tourn"]
[EventRounds "11"]
[EventCountry "AUT"]
[SourceTitle "EXT 2005"]
[Source "ChessBase"]
[SourceDate "2004.11.15"]
[SourceVersion "1"]
[SourceVersionDate "2004.11.15"]
[SourceQuality "1"]
[WhiteTeam "Donaustadt"]
[BlackTeam "Eichgraben/Pressbaum"]
[WhiteTeamCountry "AUT"]
[BlackTeamCountry "AUT"]

1. e4 c5 2. Nf3 e6 3. d4 cxd4 4. Nxd4 a6 5. Nc3 Qc7 6. g3 Bb4 7. Bd2 Nf6 8. Qe2 Nc6 9. Nb3 Be7 10. Bg2 d6 11. f4 Rb8 12. 0-0-0 b5 13. e5 dxe5 14. fxe5 Nd7 15. Bf4 0-0 16. Nd5 exd5 17. e6 Bd6 18. Bxd6 Qxd6 19. exd7 Bxd7 20. Rxd5 Qc7 21. Rhd1 Rfd8 22. Nc5 Nb4 23. Nxd7 Ra8 24. Nf6+ gxf6 25. Qg4+ Kh8 26. Rxd8+ 1-0

[Event "AUT-chT2O 0304"]
[Site "Austria"]
[Date "2004.02.29"]
[Round "11.2"]
[White "Antal, Gergely"]
[Black "Gross, Stefan"]
[Result "1-0"]
[WhiteElo "2498"]
[BlackElo "2290"]
[PlyCount "190"]
[EventDate "2003.10.25"]
[EventType "team-tourn"]
[EventRounds "11"]
[EventCountry "AUT"]
[SourceTitle "EXT 2005"]
[Source "ChessBase"]
[SourceDate "2004.11.15"]
[SourceVersion "1"]
[SourceVersionDate "2004.11.15"]
[SourceQuality "1"]
[WhiteTeam "Gols Raiba"]
[BlackTeam "Eichgraben/Pressbaum"]
[WhiteTeamCountry "AUT"]
[BlackTeamCountry "AUT"]

1. e4 c5 2. Nf3 d6 3. d4 cxd4 4. Nxd4 Nf6 5. Nc3 Nc6 6. Bg5 Qb6 7. Nb3 e6 8. Bd3 Be7 9. 0-0 0-0 10. a4 Qc7 11. a5 Rd8 12. Qe2 d5 13. exd5 Nxd5 14. Nxd5 Rxd5 15. Bxe7 Qxe7 16. Be4 Rd8 17. a6 Rb8 18. Qc4 Qb4 19. Ra4 Qd6 20. axb7 Bxb7 21. Qc3 Ne7 22. Rd4 Bd5 23. Qh3 f5 24. Bxd5 Nxd5 25. Rfd1 Qc7 26. Qd3 Rdc8 27. Rd2 Nf6 28. f3 Qb6 29. Kh1 Nd5 30. h3 Nb4 31. Qe2 Nxc2 32. Rxc2 Qxb3 33. Rxc8+ Rxc8 34. Qe5 Qb6 35. Rd7 Rc1+ 36. Kh2 Qg1+ 37. Kg3 Qe1+ 38. Qxe1 Rxe1 39. Rxa7 e5 40. Rb7 Re2 41. h4 h5 42. b4 Rb2 43. Rb5 Kf7 44. Rxe5 Rxb4 45. Rxf5+ Kg6 46. Rf4 Rb2 47. Re4 Kf6 48. Re1 Kf5 49. Rf1 Ra2 50. Rf2 Ra4 51. Rb2 Ra5 52. Kf2 Ra4 53. g3 Ra3 54. Ke2 g6 55. Rd2 Ke5 56. Rc2 Rb3 57. Rc5+ Kf6 58. Rc6+ Kf5 59. Rd6 Ra3 60. Rd3 Ra2+ 61. Ke3 Ra5 62. Kd4 Ra2 63. Ke3 Ra5 64. Rb3 Ra4 65. Rb5+ Kf6 66. Rd5 Ke6 67. Rd4 Ra5 68. Re4+ Kf5 69. Kd4 Kf6 70. Re3 Ra1 71. Ke4 Ra4+ 72. Kd5 Ra1 73. Re6+ Kf7 74. Re4 Kf6 75. Rf4+ Kg7 76. Rc4 Kf6 77. g4 hxg4 78. fxg4 Rh1 79. Rf4+ Kg7 80. g5 Ra1 81. Rc4 Rd1+ 82. Rd4 Ra1 83. Ke6 Re1+ 84. Kd7 Ra1 85. Kd8 Re1 86. Rd7+ Kf8 87. Rd4 Kf7 88. Kc7 Ra1 89. Kd6 Ra6+ 90. Ke5 Re6+ 91. Kd5 Ra6 92. Rf4+ Kg7 93. Rc4 Kf7 94. Rc7+ Kf8 95. Rd7 Ke8 1-0

[Event "AUT-chT2O 0304"]
[Site "Austria"]
[Date "2003.12.08"]
[Round "7.1"]
[White "Gross, Stefan"]
[Black "Srienz, Christian"]
[Result "1/2-1/2"]
[WhiteElo "2290"]
[BlackElo "2222"]
[PlyCount "38"]
[EventDate "2003.10.25"]
[EventType "team-tourn"]
[EventRounds "11"]
[EventCountry "AUT"]
[SourceTitle "EXT 2005"]
[Source "ChessBase"]
[SourceDate "2004.11.15"]
[SourceVersion "1"]
[SourceVersionDate "2004.11.15"]
[SourceQuality "1"]
[WhiteTeam "Eichgraben/Pressbaum"]
[BlackTeam "Mauerbach"]
[WhiteTeamCountry "AUT"]
[BlackTeamCountry "AUT"]

1. Nf3 Nf6 2. g3 c5 3. Bg2 Nc6 4. d3 e6 5. e4 d6 6. 0-0 Be7 7. Nbd2 0-0 8. Re1 Qc7 9. a4 Bd7 10. Nc4 Ne5 11. Nfxe5 dxe5 12. f4 exf4 13. Bxf4 Qd8 14. c3 Be8 15. d4 cxd4 16. cxd4 b5 17. axb5 Bxb5 18. b3 Bb4 19. Re3 a5 1/2-1/2

[Event "AUT-chT2O 0304"]
[Site "Austria"]
[Date "2003.10.26"]
[Round "2.3"]
[White "Beckhuis, Gernod"]
[Black "Gross, Stefan"]
[Result "1/2-1/2"]
[WhiteElo "2320"]
[BlackElo "2290"]
[PlyCount "94"]
[EventDate "2003.10.25"]
[EventType "team-tourn"]
[EventRounds "11"]
[EventCountry "AUT"]
[SourceTitle "EXT 2005"]
[Source "ChessBase"]
[SourceDate "2004.11.15"]
[SourceVersion "1"]
[SourceVersionDate "2004.11.15"]
[SourceQuality "1"]
[WhiteTeam "Wien Austria"]
[BlackTeam "Eichgraben/Pressbaum"]
[WhiteTeamCountry "AUT"]
[BlackTeamCountry "AUT"]

1. d4 Nf6 2. c4 c5 3. d5 g6 4. Nc3 Bg7 5. e4 d6 6. h3 b5 7. cxb5 a6 8. Nf3 0-0 9. a4 Nbd7 10. Rb1 axb5 11. axb5 Qa5 12. Bd2 Nb6 13. Bd3 Nfd7 14. Ne2 Qa4 15. b3 Qa3 16. 0-0 Bb7 17. Qc2 Qa2 18. Qd1 Rfc8 19. Bc3 Bxc3 20. Nxc3 Qa5 21. Ne2 Qb4 22. Ne1 Qa5 23. Nc2 c4 24. bxc4 Nxc4 25. Bxc4 Rxc4 26. Ncd4 Nf6 27. Qd3 Ra4 28. Rfc1 Ra3 29. Qc2 Qd8 30. Qc7 Rb8 31. Qxd8+ Rxd8 32. Rc7 Rd7 33. Rbc1 Kf8 34. Rxd7 Nxd7 35. Rc7 Nc5 36. Nc6 Ra1+ 37. Kh2 Ra2 38. Ned4 Rxf2 39. Rxe7 Rf4 40. Rc7 Rxe4 41. Nb3 Nxb3 42. Rxb7 Nc5 43. Ra7 Re2 44. Nd8 Rb2 45. Nxf7 Ne4 46. Nd8 Rxb5 47. Rxh7 Ng5 1/2-1/2

[Event "Imperia op-A 45th"]
[Site "Imperia"]
[Date "2003.09.07"]
[Round "9"]
[White "Facchetti, Gianni"]
[Black "Gross, Stefan"]
[Result "1-0"]
[WhiteElo "2143"]
[BlackElo "2328"]
[PlyCount "77"]
[EventDate "2003.08.31"]
[EventType "swiss"]
[EventRounds "9"]
[EventCountry "ITA"]
[SourceTitle "EXT 2005"]
[Source "ChessBase"]
[SourceDate "2004.11.15"]
[SourceVersion "1"]
[SourceVersionDate "2004.11.15"]
[SourceQuality "1"]

1. e4 c5 2. Nf3 d6 3. d4 cxd4 4. Qxd4 Bd7 5. Be3 Nc6 6. Qd2 g6 7. Nc3 Bg7 8. Be2 Qa5 9. Nd4 Nf6 10. Nb3 Qc7 11. 0-0 0-0 12. Bh6 Bxh6 13. Qxh6 Na5 14. Nd2 Be6 15. Nf3 Rfc8 16. Ng5 Qb6 17. e5 dxe5 18. Nce4 Bf5 19. Nxf6+ Qxf6 20. Qxh7+ Kf8 21. Qh4 Qg7 22. c3 f6 23. Nf3 Be6 24. Rfd1 Nc4 25. b3 Nd6 26. Rac1 Rc7 27. Qb4 Rac8 28. c4 b6 29. Rc2 Qh6 30. Qa3 a5 31. Rcd2 Ne4 32. Rd8+ Rxd8 33. Rxd8+ Kf7 34. Qb2 g5 35. Qc2 Nd6 36. Nd2 Bf5 37. Bd3 Bxd3 38. Qxd3 Qg7 39. Qd5+ 1-0

[Event "Imperia op-A 45th"]
[Site "Imperia"]
[Date "2003.09.03"]
[Round "5"]
[White "Raineri, Valerio"]
[Black "Gross, Stefan"]
[Result "1-0"]
[WhiteElo "2164"]
[BlackElo "2328"]
[PlyCount "83"]
[EventDate "2003.08.31"]
[EventType "swiss"]
[EventRounds "9"]
[EventCountry "ITA"]
[SourceTitle "EXT 2005"]
[Source "ChessBase"]
[SourceDate "2004.11.15"]
[SourceVersion "1"]
[SourceVersionDate "2004.11.15"]
[SourceQuality "1"]

1. e4 c5 2. Nf3 d6 3. d4 cxd4 4. Nxd4 Nf6 5. Nc3 Nc6 6. f3 e5 7. Nb3 Be6 8. Be3 a6 9. Qd2 Be7 10. 0-0-0 Na5 11. Nxa5 Qxa5 12. Kb1 Rc8 13. Nd5 Qxd2 14. Nxf6+ Bxf6 15. Rxd2 Rc6 16. c4 h6 17. h4 Ke7 18. b3 Rb8 19. Rc2 b5 20. cxb5 Rxc2 21. Kxc2 axb5 22. Bd3 Kd7 23. g3 Bd8 24. Kb2 b4 25. Rc1 Bb6 26. Bxb6 Rxb6 27. Bc4 f5 28. a3 bxa3+ 29. Kxa3 Rb8 30. Bxe6+ Kxe6 31. b4 g5 32. hxg5 hxg5 33. g4 fxe4 34. fxe4 Rf8 35. b5 Rf3+ 36. Kb4 Re3 37. Rc4 Re1 38. b6 Kd7 39. Kb5 d5 40. exd5 e4 41. b7 Rb1+ 42. Rb4 1-0

[Event "Plzen op-A 9th"]
[Site "Plzen"]
[Date "2003.08.22"]
[Round "7"]
[White "Cifka, Stanislav"]
[Black "Gross, Stefan"]
[Result "1-0"]
[WhiteElo "2160"]
[BlackElo "2328"]
[PlyCount "65"]
[EventDate "2003.08.16"]
[EventType "swiss"]
[EventRounds "9"]
[EventCountry "CZE"]
[SourceTitle "CBM 095 Extra"]
[Source "ChessBase"]
[SourceDate "2003.09.04"]
[SourceVersion "1"]
[SourceVersionDate "2003.09.04"]
[SourceQuality "1"]

1. d4 d5 2. c4 e6 3. Nf3 Nf6 4. g3 Be7 5. Bg2 0-0 6. 0-0 Nbd7 7. Qc2 c6 8. Rd1 Ne4 9. b3 f5 10. Ba3 Bxa3 11. Nxa3 Qe7 12. Qb2 b6 13. Rac1 Bb7 14. cxd5 exd5 15. b4 Rae8 16. e3 Rf6 17. Nb1 b5 18. Nbd2 Nd6 19. Nb3 Nc4 20. Qc3 Bc8 21. Nfd2 g5 22. a4 a6 23. Nc5 Nd6 24. Nf3 Ne4 25. Nxe4 fxe4 26. Nxg5 Nb6 27. axb5 axb5 28. Qc5 Qd8 29. Rd2 Nc4 30. Ra2 Rh6 31. h4 Bg4 32. Ra7 Qf6 33. Rf7 1-0

[Event "Plzen op-A 9th"]
[Site "Plzen"]
[Date "2003.08.18"]
[Round "3"]
[White "Polak, Tomas"]
[Black "Gross, Stefan"]
[Result "1/2-1/2"]
[WhiteElo "2473"]
[BlackElo "2328"]
[PlyCount "102"]
[EventDate "2003.08.16"]
[EventType "swiss"]
[EventRounds "9"]
[EventCountry "CZE"]
[SourceTitle "CBM 095 Extra"]
[Source "ChessBase"]
[SourceDate "2003.09.04"]
[SourceVersion "1"]
[SourceVersionDate "2003.09.04"]
[SourceQuality "1"]

1. d4 Nf6 2. c4 g6 3. Nc3 d5 4. Nf3 Bg7 5. cxd5 Nxd5 6. e4 Nxc3 7. bxc3 c5 8. Rb1 0-0 9. Be2 b6 10. 0-0 Bb7 11. Qd3 Ba6 12. Qe3 cxd4 13. cxd4 Qd7 14. Ba3 Rc8 15. Bxa6 Nxa6 16. Qe2 Qb7 17. Rfd1 e6 18. h4 Nc7 19. Ne5 f6 20. Ng4 f5 21. exf5 exf5 22. Ne3 f4 23. Nc4 f3 24. Qe3 Qd5 25. Qb3 fxg2 26. Ne3 Qxb3 27. Rxb3 Ne6 28. Rbd3 Nf4 29. R3d2 Bf6 30. Bd6 Ne6 31. d5 Nc5 32. Bxc5 Rxc5 33. h5 gxh5 34. Kxg2 Kf7 35. Kf3 Rd8 36. Rd3 Ra5 37. R1d2 Ra4 38. Rc2 Rd7 39. Rd1 Be5 40. Nc4 Bf6 41. Ne3 Rd4 42. Rxd4 Bxd4 43. Ke4 Bc5 44. Nf5 Kf6 45. f3 Rd8 46. Rh2 Re8+ 47. Kf4 Re5 48. Rxh5 Rxd5 49. Rh6+ Kf7 50. Rxh7+ Kf6 51. Rh6+ Kf7 1/2-1/2

[Event "Plzen op-A 9th"]
[Site "Plzen"]
[Date "2003.08.17"]
[Round "2"]
[White "Gross, Stefan"]
[Black "Staszko, Martin"]
[Result "1-0"]
[WhiteElo "2328"]
[BlackElo "2083"]
[PlyCount "157"]
[EventDate "2003.08.16"]
[EventType "swiss"]
[EventRounds "9"]
[EventCountry "CZE"]
[SourceTitle "CBM 095 Extra"]
[Source "ChessBase"]
[SourceDate "2003.09.04"]
[SourceVersion "1"]
[SourceVersionDate "2003.09.04"]
[SourceQuality "1"]

1. Nf3 c5 2. c4 Nc6 3. Nc3 g6 4. e3 Bg7 5. d4 d6 6. d5 Ne5 7. Nxe5 Bxe5 8. Qc2 e6 9. Bd3 Ne7 10. 0-0 0-0 11. f4 Bg7 12. e4 f5 13. Bd2 fxe4 14. Bxe4 exd5 15. Nxd5 Be6 16. Nxe7+ Qxe7 17. Rae1 Qd7 18. Bc3 Rae8 19. b3 b6 20. Bxg7 Qxg7 21. Qd3 Rf6 22. Qxd6 Ref8 23. Bd5 Bxd5 24. Qxd5+ Qf7 25. Qxf7+ R8xf7 26. g3 Rd6 27. Rf2 Kg7 28. Kg2 h5 29. Re5 Kh6 30. Kh3 Rff6 31. Rfe2 Rf7 32. Re7 Rxe7 33. Rxe7 a5 34. Re2 g5 35. fxg5+ Kxg5 36. Kg2 Kf5 37. Kh3 Kg5 38. Re5+ Kg6 39. g4 Rd3+ 40. Kh4 hxg4 41. Kxg4 Rd4+ 42. Kf3 Kf6 43. Rd5 Rh4 44. Kg3 Rh8 45. Rd6+ Ke5 46. Rxb6 a4 47. h4 Rg8+ 48. Kf3 Rf8+ 49. Ke3 Rh8 50. Rc6 Rxh4 51. Rxc5+ Kd6 52. Rd5+ Kc6 53. Rb5 Rh2 54. bxa4 Rxa2 55. a5 Ra1 56. Kd3 Rd1+ 57. Kc2 Rh1 58. Kb2 Rh2+ 59. Kb3 Rh3+ 60. Kb4 Rh1 61. Rb6+ Kc7 62. Kb5 Rb1+ 63. Kc5 Rh1 64. Rb5 Rh5+ 65. Kb4 Rh1 66. a6 Rb1+ 67. Kc5 Ra1 68. Rb7+ Kc8 69. Kb6 Rb1+ 70. Kc6 Ra1 71. Rb6 Ra2 72. c5 Ra1 73. Kb5 Rb1+ 74. Kc4 Rc1+ 75. Kd4 Rd1+ 76. Kc3 Rc1+ 77. Kb2 Rxc5 78. a7 Kc7 79. Ra6 1-0

[Event "Balatonlelle op"]
[Site "Balatonlelle"]
[Date "2003.06.22"]
[Round "2"]
[White "Ovsejevitsch, Sergei"]
[Black "Gross, Stefan"]
[Result "1/2-1/2"]
[WhiteElo "2493"]
[BlackElo "2349"]
[PlyCount "57"]
[EventDate "2003.06.21"]
[EventType "swiss"]
[EventRounds "9"]
[EventCountry "HUN"]
[SourceTitle "EXT 2004"]
[Source "ChessBase"]
[SourceDate "2003.11.25"]
[SourceVersion "1"]
[SourceVersionDate "2003.11.25"]
[SourceQuality "1"]

1. Nf3 g6 2. c4 Bg7 3. Nc3 c5 4. g3 Nc6 5. Bg2 d6 6. 0-0 a6 7. a3 Rb8 8. Rb1 Bf5 9. d3 b5 10. cxb5 axb5 11. Nd5 Be6 12. e4 b4 13. axb4 Bxd5 14. exd5 Nxb4 15. d4 c4 16. Ng5 Nf6 17. Qe2 h6 18. Ne4 Nfxd5 19. Qxc4 0-0 20. Nc3 Nf6 21. Qe2 d5 22. Be3 Qd7 23. Rfc1 Rfc8 24. Bf4 Ra8 25. Qd2 Kh7 26. Ne2 Qb5 27. Rxc8 Rxc8 28. Nc3 Qd3 29. Qxd3 1/2-1/2

[Event "CZE-chT 0203"]
[Site "Czech Republic"]
[Date "2003.04.12"]
[Round "10"]
[White "Antoniewski, Rafal"]
[Black "Gross, Stefan"]
[Result "1-0"]
[WhiteElo "2465"]
[BlackElo "2351"]
[PlyCount "45"]
[EventDate "2002.10.01"]
[EventType "team"]
[EventRounds "11"]
[EventCountry "CZE"]
[SourceTitle "EXT 2004"]
[Source "ChessBase"]
[SourceDate "2003.11.25"]
[SourceVersion "1"]
[SourceVersionDate "2003.11.25"]
[SourceQuality "1"]
[WhiteTeam "Opava"]
[BlackTeam "Plzen"]
[WhiteTeamCountry "CZE"]
[BlackTeamCountry "CZE"]

1. e4 c5 2. Nc3 Nc6 3. Bb5 g6 4. Bxc6 bxc6 5. d3 Bg7 6. f4 d6 7. Nf3 Bg4 8. 0-0 Nf6 9. Qe1 0-0 10. Qh4 Bxf3 11. Rxf3 e6 12. f5 Nd7 13. Bg5 Bf6 14. Rh3 h5 15. Rg3 Kg7 16. Rf1 Rb8 17. Ne2 exf5 18. exf5 Bxg5 19. Rxg5 Kh6 20. f6 Rb4 21. c4 Rxb2 22. Rxh5+ gxh5 23. g4 1-0

[Event "Landesliga Nord 0203"]
[Site "Bayern"]
[Date "2003.02.23"]
[Round "7.2"]
[White "Gross, Stefan"]
[Black "Kreuzer, Helmut"]
[Result "1-0"]
[WhiteElo "2281"]
[BlackElo "2190"]
[PlyCount "53"]
[EventDate "2002.10.20"]
[EventType "team"]
[EventRounds "9"]
[EventCountry "GER"]
[SourceTitle "EXT 2004"]
[Source "ChessBase"]
[SourceDate "2003.11.25"]
[SourceVersion "1"]
[SourceVersionDate "2003.11.25"]
[SourceQuality "1"]
[WhiteTeam "Cham"]
[BlackTeam "Kelheim"]
[WhiteTeamCountry "GER"]
[BlackTeamCountry "GER"]

1. Nf3 d5 2. g3 Nf6 3. Bg2 c6 4. d3 Bg4 5. Nbd2 Nbd7 6. 0-0 e5 7. e4 Bc5 8. Qe1 0-0 9. h3 Bh5 10. a3 a5 11. b3 Re8 12. Bb2 Qe7 13. Nh4 Nf8 14. Ndf3 N6d7 15. exd5 cxd5 16. d4 exd4 17. Qxe7 Rxe7 18. Nf5 Ree8 19. N3xd4 Nf6 20. g4 Bg6 21. Nxg7 Kxg7 22. g5 N8d7 23. Nb5 Re2 24. gxf6+ Nxf6 25. Nc7 Rxc2 26. Bxf6+ Kxf6 27. Nxa8 1-0

[Event "Landesliga Nord 0203"]
[Site "Bayern"]
[Date "2002.12.15"]
[Round "3.1"]
[White "Gross, Stefan"]
[Black "Neuman, Petr"]
[Result "1/2-1/2"]
[WhiteElo "2281"]
[BlackElo "2395"]
[PlyCount "69"]
[EventDate "2002.10.20"]
[EventType "team"]
[EventRounds "9"]
[EventCountry "GER"]
[SourceTitle "EXT 2004"]
[Source "ChessBase"]
[SourceDate "2003.11.25"]
[SourceVersion "1"]
[SourceVersionDate "2003.11.25"]
[SourceQuality "1"]
[WhiteTeam "Cham"]
[BlackTeam "Koetzting"]
[WhiteTeamCountry "GER"]
[BlackTeamCountry "GER"]

1. e4 c5 2. Nf3 d6 3. d4 cxd4 4. Nxd4 Nf6 5. Nc3 Nc6 6. Bc4 Bd7 7. 0-0 g6 8. h3 Bg7 9. Be3 0-0 10. Re1 Na5 11. Bb3 Rc8 12. Qd3 a6 13. Rad1 Qc7 14. Nd5 Nxd5 15. exd5 Nc4 16. Bxc4 Qxc4 17. Qxc4 Rxc4 18. c3 Bf6 19. Re2 Rc7 20. Nf3 b5 21. Nd4 Bxd4 22. Rxd4 Bc8 23. a4 Bb7 24. axb5 axb5 25. Re1 Rfc8 26. Re2 Kf8 27. Red2 Rc4 28. R2d3 Rxd4 29. Rxd4 Rc5 30. Kf1 Ke8 31. Ke2 Kd7 32. Rf4 Ke8 33. Rd4 Kd7 34. Rf4 Ke8 35. Rd4 1/2-1/2

[Event "AUT-chT2O 0203"]
[Site "Austria"]
[Date "2002.10.26"]
[Round "2.1"]
[White "Gross, Stefan"]
[Black "Petran, Peter"]
[Result "0-1"]
[WhiteElo "2351"]
[BlackElo "2372"]
[PlyCount "83"]
[EventDate "2002.10.25"]
[EventType "team-tourn"]
[EventRounds "11"]
[EventCountry "AUT"]
[SourceTitle "EXT 2020"]
[Source "ChessBase"]
[SourceDate "2019.10.17"]
[SourceVersion "1"]
[SourceVersionDate "2019.10.17"]
[SourceQuality "1"]
[WhiteTeam "Eichgraben/Pressbaum"]
[BlackTeam "Mattersburg"]
[WhiteTeamCountry "AUT"]
[BlackTeamCountry "AUT"]

1. e4 c6 2. d4 d5 3. exd5 cxd5 4. c4 Nf6 5. Nc3 g6 6. cxd5 Bg7 7. Bb5+ Nbd7 8. d6 e6 9. Nf3 0-0 10. 0-0 a6 11. Be2 b5 12. Ne5 Bb7 13. Bf4 Nb6 14. Bf3 Bxf3 15. Qxf3 Nh5 16. Ne4 Nxf4 17. Qxf4 Nd5 18. Qg3 f5 19. Ng5 Qxd6 20. Rac1 Bxe5 21. Qxe5 Qxe5 22. dxe5 Nf4 23. Rc7 h6 24. Nh7 Rf7 25. Nf6+ Kg7 26. Rxf7+ Kxf7 27. Rd1 g5 28. g3 Ng6 29. Rd7+ Ne7 30. f4 Rc8 31. fxg5 hxg5 32. Nh7 Rc1+ 33. Kg2 Rc2+ 34. Kg1 Rxb2 35. Nxg5+ Ke8 36. Ra7 Rxa2 37. Nxe6 b4 38. Nc7+ Kf8 39. Rb7 a5 40. e6 Rc2 41. Na6 Nc6 42. h4 0-1